ბათუმის შოთა რუსთაველის სახელმწიფო უნივერსიტეტის ბიბლიოთეკა

ალბათობის თეორია და მათემატიკური სტატისტიკა: თეორია, სავარჯიშოები და ამოცანები. (ბიბ.ჩანაწერი № 53178)

000 -LEADER
fixed length control field 01152nam a2200265Ia 4500
001 - CONTROL NUMBER
control field 20219
003 - CONTROL NUMBER IDENTIFIER
control field GE_BSU
008 - FIXED-LENGTH DATA ELEMENTS--GENERAL INFORMATION
fixed length control field 181216s||||||||xx |||||||||||||| ||und||
020 ## - INTERNATIONAL STANDARD BOOK NUMBER
International Standard Book Number 5505012396
040 ## - CATALOGING SOURCE
Transcribing agency GE_BSU
080 ## - UNIVERSAL DECIMAL CLASSIFICATION NUMBER
Universal Decimal Classification number 519.2(075.3)
100 ## - MAIN ENTRY--PERSONAL NAME
Personal name სხირტლაძე,ა. ტუღუში,თ. ოსიძე,ა. და სხვ.
245 ## - TITLE STATEMENT
Title ალბათობის თეორია და მათემატიკური სტატისტიკა: თეორია, სავარჯიშოები და ამოცანები.
245 ## - TITLE STATEMENT
Statement of responsibility, etc. ს. თოფურიას რედ–ით.
260 ## - PUBLICATION, DISTRIBUTION, ETC.
Place of publication, distribution, etc. თბილისი
260 ## - PUBLICATION, DISTRIBUTION, ETC.
Name of publisher, distributor, etc. განათლება
260 ## - PUBLICATION, DISTRIBUTION, ETC.
Date of publication, distribution, etc. 1990
300 ## - PHYSICAL DESCRIPTION
Extent 281გვ. ; 21სმ
653 ## - INDEX TERM--UNCONTROLLED
Uncontrolled term ალბათობის თეორია და მათემატიკური სტატისტიკა.
653 ## - INDEX TERM--UNCONTROLLED
Uncontrolled term თეორია, სავარჯიშოები და ამოცანები.
653 ## - INDEX TERM--UNCONTROLLED
Uncontrolled term მათემატიკა
653 ## - INDEX TERM--UNCONTROLLED
Uncontrolled term ქსეროქსი
942 ## - ADDED ENTRY ELEMENTS (KOHA)
Koha item type წიგნი
ეგზემპლარები
Withdrawn status Lost status Damaged status Not for loan Date acquired Barcode Date last seen Price effective from Koha item type Public note
        2018-12-17 00450 2018-12-17 2018-12-17 წიგნი ქსეროქსი
        2018-12-17 00451 2018-12-17 2018-12-17 წიგნი ქსეროქსი